Confederación Española de Familias de Personas Sordas

Biblioteca

Vista normal Vista MARC
  • Accesibilidad para personas con discapacidad

Entrada Materia

Número de registros utilizados en: 9

001 - NÚMERO DE CONTROL

  • campo de control: 135

003 - IDENTIFICADOR DEL NÚMERO DE CONTROL

  • campo de control: ES-MaFIAP

005 - FECHA Y HORA DE LA ÚLTIMA TRANSACCIÓN

  • campo de control: 20220914160124.0

008 - DATOS DE LONGITUD FIJA

  • campo de control de longitud fija: 220914|| aca||aabn | a|a d

040 ## - FUENTE DE LA CATALOGACIÓN

  • Centro catalogador/agencia de origen: ES-MaFIAP
  • Centro/agencia transcriptor: ES-MaFIAP

150 ## - ENCABEZAMIENTO--TÉRMINO DE MATERIA

  • Término de materia o nombre geográfico como elemento de entrada: Accesibilidad para personas con discapacidad
  • Subdivisión geográfica: España

670 ## - FUENTE DE DATOS ENCONTRADOS

  • Cita de la fuente: Work cat.: (ES-MaFIAP)41: Comité Español de Representantes de Personas con Discapacidad (CERMI) 72, Plan de acción del CERMI de turismo accesible para todas las personas [Texto impreso] /, 2005

Esta web es posible gracias a:

Ministerio de Asuntos Sociales y Agenda 2030 Ministerio de Asuntos Sociales y Agenda 2030 Fundación ONCE

© FIAPAS 2015 | Servicio Telesor Aviso Legal y Política de Privacidad | Política de cookies | Acerca de FIAPAS
Confederación Española de Familias de Personas Sordas - C/ Pantoja, 5 (Local) – 28002 Madrid – / Tel: 91 576 51 49 – Fax: 91 576 57 46

Con tecnología Koha